| 000 | 00481nam a22001817a 4500 | ||
|---|---|---|---|
| 003 | CEME | ||
| 005 | 20210628202548.0 | ||
| 008 | 210119b xxu||||| |||| 00| 0 eng d | ||
| 020 | _a0-8359-0465-2 | ||
| 040 | _cceme | ||
| 082 | _a813.4 TWA | ||
| 100 |
_aTwain, Mark _923893 |
||
| 245 | _aAdventures of huckleberry finn | ||
| 260 |
_a1993 _bGLOBAL PUBLISHING _cUSA |
||
| 300 | _aXIV, 464P | ||
| 650 |
_aADVENTURES OF HUCKLEBERRY FINN.FICTION FOR BOYS _960499 |
||
| 942 |
_cBK _2ddc |
||
| 999 |
_c570205 _d570205 |
||